000 00481nam a2200181Ia 4500
005 20260415160342.0
008 008 250505s9999 xx 000 0 hin d
037 _aTextual
040 _aFEDL
_beng
_cFEDL
041 _ahin
_2hin
084 _a891.43 SAT
_qFEDL
100 _aSatyendra
245 0 _aGuptaji ki kala
260 _aAgra, India
_bSahitya-Ratna Bhandar
300 _a171p
942 _cTEXL
_h891.43 SAT
999 _c1322007
_d1322007